UK #1 Albums 2006-2009 - No Compilations Quiz Stats

 Plays Quiz not verified by Sporcle

Also try: 2-Word Bands (A-Z)
Challenge
Share
Tweet
Embed
Score 0/114 Timer 16:00
0 Plays Today
Year Title % Correct
2007Back to Black
69.2%
2008Back to Black - The Deluxe Edition
69.2%
2006Sam's Town
53.8%
200819
53.8%
2008Only by the Night
53.8%
2009JLS
53.8%
2009I Dreamed a Dream
53.8%
2006Whatever People Say I Am, That's What I'm Not
46.2%
2006Shayne Ward
46.2%
2006Stadium Arcadium
46.2%
2006Beautiful World
46.2%
2008Join With Us
46.2%
2008Viva la Vida or Death and All His Friends
46.2%
2008Funhouse
46.2%
2008The Circus
46.2%
2009The Fame
46.2%
2009Relapse
46.2%
2006Corinne Bailey Rae
38.5%
2006On an Island
38.5%
2006Journey South
38.5%
2006St. Elsewhere
38.5%
2006Razorlight
38.5%
2006Ta-Dah
38.5%
2007Icky Thump
38.5%
2007We'll Live and Die in These Towns
38.5%
2007Once Upon a Time in the West
38.5%
2007Graduation
38.5%
2008Scouting for Girls
38.5%
2008Hard Candy
38.5%
2008Here I Stand
38.5%
2008The Script
38.5%
2008Day & Age
38.5%
2009It's Not Me, It's You
38.5%
20093 Words
38.5%
2009Echo
38.5%
2006First Impressions of Earth
30.8%
2006Stars of CCTV
30.8%
2006In Between Dreams
30.8%
Year Title % Correct
2006Ringleader of the Tormentors
30.8%
2006The Hardest Way to Make an Easy Living
30.8%
2006Eyes Open
30.8%
2006Smile… It Confuses People
30.8%
2006Under the Iron Sea
30.8%
2006Black Holes and Revelations
30.8%
2006Undiscovered
30.8%
2006Back to Basics
30.8%
2006Empire
30.8%
2006FutureSex/LoveSounds
30.8%
2006Rudebox
30.8%
2007Hats Off to the Buskers
30.8%
2007Life in Cartoon Motion
30.8%
2007Yours Truly, Angry Mob
30.8%
2007Because of the Times
30.8%
2007The Best Damn Thing
30.8%
2007Favourite Worst Nightmare
30.8%
2007Minutes to Midnight
30.8%
2007It Won't Be Soon Before Long
30.8%
2007Good Girl Gone Bad
30.8%
2007Made of Bricks
30.8%
2007Hand Built by Robots
30.8%
2007Echoes, Silence, Patience & Grace
30.8%
2007Magic
30.8%
2007Change
30.8%
2007The Trick to Life
30.8%
2007Long Road Out of Eden
30.8%
2007Spirit
30.8%
2008In Rainbows
30.8%
2008This Is the Life
30.8%
2008Rockferry
30.8%
2008Accelerate
30.8%
2008The Age of the Understatement
30.8%
200822 Dreams
30.8%
2008Now You're Gone - The Album
30.8%
2008Forth
30.8%
2008Death Magnetic
30.8%
2008Dig Out Your Soul
30.8%
Year Title % Correct
2008Perfect Symmetry
30.8%
2008Black Ice
30.8%
2008The Promise
30.8%
2009Working on a Dream
30.8%
2009No Line on the Horizon
30.8%
2009Together Through Life
30.8%
2009Sunny Side Up
30.8%
2009West Ryder Pauper Lunatic Asylum
30.8%
2009Ready for the Weekend
30.8%
2009Humbug
30.8%
2009The Resistance
30.8%
2009Love Is the Answer
30.8%
2009Overcome
30.8%
2006This New Day
23.1%
2006Bright Idea
23.1%
2006Liberation Transmission
23.1%
2006The Love Album
23.1%
2007Not Too Late
23.1%
2007Doing It My Way
23.1%
2007An End Has a Start
23.1%
2007We Are the Night
23.1%
2007One Chance
23.1%
2007All the Lost Souls
23.1%
2007Pull the Pin
23.1%
2007Back Home
23.1%
2008Sleep Through the Static
23.1%
2008Konk
23.1%
2008Jumping All Over the World
23.1%
2008Home Before Dark
23.1%
2008We Started Nothing
23.1%
2008Out of Control
23.1%
2009To Lose My Life…
23.1%
2009Invaders Must Die
23.1%
2009Songs for My Mother
23.1%
200921st Century Breakdown
23.1%
2009Brand New Eyes
23.1%
2009In This Light and on This Evening
23.1%
2009Crazy Love
23.1%

You're not logged in!

Compare scores with friends on all Sporcle quizzes.
Join for Free
OR
Log In

You Might Also Like...

Show Comments

Extras

Top Quizzes Today


Score Distribution

Your Account Isn't Verified!

In order to create a playlist on Sporcle, you need to verify the email address you used during registration. Go to your Sporcle Settings to finish the process.

Report this User

Report this user for behavior that violates our Community Guidelines.

Details: